00540nam a2200109 4500008004100000082001500041110014200056245018400198300001000382650002000392650001800412240309b |||||||| |||| 00| 0 eng d a305.4bSRI aSri Lanka, state Ministry of women and child development, pre-schools and primary education, school infrastructure and education services aWomen, peace and security:bSri Lanka's national action plan for the implementation of the UN security council's resolutions on women, peace and security 2022-2026- draft document a74 p. aWOMEN AND PEACE aWomen and war